[Event "Tsaghkadzor op"]
[Site "Tsaghkadzor"]
[Date "2023.09.23"]
[Round "5"]
[White "Agmanov, Zhandos"]
[Black "Yeremyan, Alen"]
[Result "1-0"]
[WhiteElo "2453"]
[BlackElo "2302"]
[PlyCount "109"]
[EventDate "2023.09.20"]
[EventType "swiss"]
[EventRounds "9"]
[EventCountry "ARM"]
[SourceTitle "EXT 2024"]
[Source "ChessBase"]
[SourceDate "2023.10.10"]
[SourceVersion "1"]
[SourceVersionDate "2023.10.10"]
[SourceQuality "1"]

1. e4 c5 2. Nf3 Nc6 3. Bb5 e6 4. Bxc6 bxc6 5. d3 Ne7 6. Nbd2 Ng6 7. h4 h5 8. e5 f6 9. Qe2 d6 10. exd6 Bxd6 11. Nc4 Ne7 12. Be3 Nf5 13. 0-0-0 Nxe3 14. Qxe3 Be7 15. Nfd2 e5 16. Nb3 0-0 17. Rde1 Rf7 18. Nxc5 Qd5 19. Ne4 Ba6 20. Nc3 Qd8 21. Qe4 Qc7 22. Rhf1 Rd8 23. Ne2 Rd5 24. Ne3 Qa5 25. Nc3 Bb4 26. Ned1 f5 27. Qe3 e4 28. Nxd5 cxd5 29. a3 f4 30. Qd4 Bxe1 31. c3 Bxc3 32. Nxc3 Bxd3 33. Rd1 Rc7 34. f3 Qc5 35. Qxc5 Rxc5 36. Kd2 Rc8 37. Re1 Rb8 38. b4 a5 39. Nxd5 axb4 40. axb4 Bc4 41. Ne7+ Kf7 42. Rxe4 Bf1 43. Nc6 Ra8 44. Rxf4+ Ke6 45. g3 Ra3 46. Nd4+ Ke5 47. Nc2 Ra8 48. Re4+ Kf6 49. Ke3 Rc8 50. Nd4 Rc3+ 51. Kf4 Bc4 52. Re5 Bf7 53. Rb5 g6 54. Rb6+ Ke7 55. Nc6+ 1-0

[Event "Tsaghkadzor op"]
[Site "Tsaghkadzor"]
[Date "2023.09.22"]
[Round "4"]
[White "Yeremyan, Alen"]
[Black "Shubin, Kirill"]
[Result "1/2-1/2"]
[WhiteElo "2302"]
[BlackElo "2451"]
[PlyCount "22"]
[EventDate "2023.09.20"]
[EventType "swiss"]
[EventRounds "9"]
[EventCountry "ARM"]
[SourceTitle "EXT 2024"]
[Source "ChessBase"]
[SourceDate "2023.10.10"]
[SourceVersion "1"]
[SourceVersionDate "2023.10.10"]
[SourceQuality "1"]

1. Nf3 Nf6 2. c4 b6 3. g3 Bb7 4. Bg2 e6 5. 0-0 Be7 6. b3 0-0 7. Bb2 c5 8. Nc3 d5 9. cxd5 Nxd5 10. d4 cxd4 11. Nxd5 Bxd5 1/2-1/2

[Event "Tsaghkadzor op"]
[Site "Tsaghkadzor"]
[Date "2023.09.21"]
[Round "2"]
[White "Yeremyan, Alen"]
[Black "Iniyan, Panneerseluam"]
[Result "1/2-1/2"]
[WhiteElo "2302"]
[BlackElo "2516"]
[PlyCount "56"]
[EventDate "2023.09.20"]
[EventType "swiss"]
[EventRounds "9"]
[EventCountry "ARM"]
[SourceTitle "EXT 2024"]
[Source "ChessBase"]
[SourceDate "2023.10.10"]
[SourceVersion "1"]
[SourceVersionDate "2023.10.10"]
[SourceQuality "1"]

1. Nf3 Nf6 2. c4 e6 3. g3 b6 4. Bg2 Bb7 5. 0-0 Be7 6. b3 0-0 7. Bb2 d5 8. Ne5 Nbd7 9. d4 c5 10. dxc5 bxc5 11. Qc2 Nxe5 12. Bxe5 Qb6 13. cxd5 exd5 14. Nc3 Qe6 15. Bxf6 Bxf6 16. Rad1 Rfd8 17. Na4 Rac8 18. Nxc5 Qb6 19. b4 Qxb4 20. Qb1 Qxc5 21. Qxb7 d4 22. Bf3 Qa5 23. Rb1 d3 24. exd3 Qxa2 25. Rb5 Qc2 26. Rd5 Bd4 27. Rd7 Rxd7 28. Qxd7 Bb6 1/2-1/2

[Event "Titled Tuesday intern op 05th Sep Early"]
[Site "Chess.com INT"]
[Date "2023.09.05"]
[Round "10"]
[White "Harshavardhan, GB."]
[Black "Yeremyan, Alen"]
[Result "1/2-1/2"]
[WhiteElo "2397"]
[BlackElo "2302"]
[PlyCount "137"]
[EventDate "2023.09.05"]
[EventType "swiss (blitz)"]
[EventRounds "11"]
[EventCountry "USA"]
[SourceTitle "EXT 2024"]
[Source "ChessBase"]
[SourceDate "2023.10.10"]
[SourceVersion "1"]
[SourceVersionDate "2023.10.10"]
[SourceQuality "1"]

1. e4 Nf6 2. e5 Nd5 3. d4 d6 4. c4 Nb6 5. f4 dxe5 6. fxe5 Bf5 7. Be3 e6 8. Nc3 Nc6 9. Nf3 Bg4 10. Be2 Bxf3 11. gxf3 Qh4+ 12. Bf2 Qf4 13. c5 Nd7 14. Qd2 Qxd2+ 15. Kxd2 0-0-0 16. Kc2 Ne7 17. f4 Nb8 18. Bf3 Nbc6 19. Rad1 Nb4+ 20. Kb1 Nbd5 21. Nxd5 Nxd5 22. Bxd5 Rxd5 23. Be3 g6 24. Kc2 h5 25. b4 c6 26. Kd3 Be7 27. a4 Rhd8 28. Ke4 Kc7 29. Rb1 a6 30. Rb3 f5+ 31. Kf3 Rg8 32. Rg1 Rdd8 33. b5 axb5 34. axb5 Ra8 35. Rgb1 Rgb8 36. Bd2 Kc8 37. Ke2 Kc7 38. Kd3 Bh4 39. h3 Be7 40. Be1 Bd8 41. bxc6 Kxc6 42. Rb6+ Bxb6 43. Rxb6+ Kd7 44. Rd6+ Ke7 45. Bh4+ Kf7 46. Rd7+ Kf8 47. Bf6 Ra3+ 48. Kc4 b5+ 49. cxb6 Rxb6 50. Rd8+ Kf7 51. Rd7+ Kf8 52. Rh7 Rxh3 53. Kc5 Ra6 54. Kb5 Ra2 55. Rh8+ Kf7 56. Rh7+ Kf8 57. d5 Rb2+ 58. Kc5 Rc3+ 59. Kd4 Rbb3 60. Rh8+ Kf7 61. Rh7+ Kf8 62. dxe6 Rd3+ 63. Kc5 Rbc3+ 64. Kb6 Rb3+ 65. Kc6 Rbc3+ 66. Kb5 Rb3+ 67. Kc5 Rbc3+ 68. Kb4 Rb3+ 69. Kc5 1/2-1/2